Devinez la Capitale Mystère #48 - Statistiques

Statistiques générales
  • Ce quiz a été pris 184 fois
  • Le résultat moyen est 28 sur 33
Statistiques - réponses
Type de Réponse Réponse % Correct
Lettre Trouvée A
99%
Lettre de l'Alphabet I
99%
Lettre Trouvée N
99%
Lettre de l'Alphabet R
99%
Lettre Bien Placée A
98%
Lettre de l'Alphabet E
98%
Lettre de l'Alphabet O
98%
Lettre de l'Alphabet S
98%
Lettre de l'Alphabet L
97%
Lettre Trouvée M
97%
Lettre de l'Alphabet P
96%
Lettre de l'Alphabet B
94%
Lettre de l'Alphabet D
93%
Lettre Bien Placée N
91%
Lettre de l'Alphabet T
91%
Lettre Bien Placée A
87%
Lettre de l'Alphabet G
87%
Lettre Bien Placée M
87%
Lettre de l'Alphabet U
87%
Lettre de l'Alphabet H
85%
Lettre de l'Alphabet K
85%
Lettre de l'Alphabet W
85%
Lettre de l'Alphabet C
84%
Lettre Bien Placée A
80%
Lettre de l'Alphabet Y
75%
Lettre de l'Alphabet V
74%
Lettre de l'Alphabet X
72%
Lettre Bien Placée M
71%
Lettre de l'Alphabet J
69%
Lettre de l'Alphabet Z
67%
Lettre de l'Alphabet F
66%
Lettre de l'Alphabet Q
65%
Capitale Mystère Manama
64%
Aucun quiz correspondant
Distribution des résultats
% des personnes avec chaque résultat
Percentile par nombre de réponses
Votre historique - résultats
Vous n’avez pas pris ce quiz